00365nam a2200133Ia 4500008004100000041000800041082001700049100001800066245004500084250001400129260004600143300003000189365001200219240624s9999 xx 000 0 und d aeng a658.3124 WHI aWHITMORE JOHN aCOACHING FOR PERFORMANCE GROWING HUMAN P a(4th ed.) c2014aLondonbNicholas Brealey Publishing avi, : 232 : p. : cm. ; 23 cGBPb30